LIBRARY & INFORMATION CENTRE, KCAET, TAVANUR

ONLINE PUBLIC ACCESS CATALOGUE (OPAC)

Construction features of Important water resources projects of Gujrat / (Record no. 824)

MARC details
000 -LEADER
fixed length control field 00925cam a2200145ua 4500
041 ## - LANGUAGE CODE
Language code of text/sound track or separate title eng
082 ## - DEWEY DECIMAL CLASSIFICATION NUMBER
Classification number 627.01
Item number CBI/CO
245 00 - TITLE STATEMENT
Title Construction features of Important water resources projects of Gujrat /
260 ## - PUBLICATION, DISTRIBUTION, ETC. (IMPRINT)
Place of publication New Delhi :
Name of publisher Central Board of I and P ,
Year of publication 1992.
300 ## - PHYSICAL DESCRIPTION
Number of Pages 79 ; .
942 ## - ADDED ENTRY ELEMENTS (KOHA)
Koha item type Books
Holdings
Withdrawn status Lost status Damaged status Home library Current library Date acquired Full call number Accession Number Koha item type
      KAUAET KAUAET 07/04/2012 627.01 20246 Reference
free website counter